000 00378nam a2200145Ia 4500
005 20251222175939.0
008 251222s9999||||xx |||||||||||||| ||spa||
020 _a9786124265471
082 _a343.8/C33
100 _aC.P.C. Castro Gálvez, Luis
245 0 _aReparos Tributarios por Intendencia Regional
250 _a1ra.ed.
264 _bInstituto Pacífico
942 _cLIB
999 _c41320
_d41320